000
00209 a2200097 4500
001
20338
100
_a
Keesing F M
245
_a
Cultural anthropology
260
_a
_b
Holt Rinehart
_c
090
_c
14829
_d
14829
942
_a
NUST-CAE
_c
M
_c
5368
999
_c
255411
_d
255411